Word Ladder: Pardon Me Quiz Stats

 Plays Quiz Updated Jun 10, 2012

Support Sporcle.
Go Orange.
Score 0/12 Timer 02:00
0 Plays Today
Clue Answer % Correct
_____-go-roundMERRY
98.6%
Halle who won Best Actress in 2002BERRY
97.4%
PandasBEARS
95.5%
Lagers, stouts and alesBEERS
93.1%
Parts of a rosaryBEADS
88.4%
1970s TV family with 3 sons and 3 daughtersBRADY
82%
Wallace who won Best Actor in 1932BEERY
79.4%
Glittering, like a rat's eyesBEADY
79.4%
A+ or 4.0, perhapsGRADE
65.9%
____ Little, former Red Sox managerGRADY
61.8%
Undeserved favorMERCY
29.7%
Undeserved favorGRACE
26.3%

Today's Daily Dose

You're not logged in!

Compare scores with friends on all Sporcle quizzes.
OR
Log In

From the Vault

NFL Teams by Helmet Description

by gwukelic

We wish at least one team would put a sparkly unicorn on their helmet. Now that would be something.
Remove Ads.
Support Sporcle.
Get the best of Sporcle when you Go Orange. This ad-free experience offers more features, more stats, and more fun while also helping to support Sporcle. Thank you for becoming a member.

Show Comments

Extras

Top Quizzes Today


Score Distribution

Your Account Isn't Verified!

In order to create a playlist on Sporcle, you need to verify the email address you used during registration. Go to your Sporcle Settings to finish the process.

Report this User

Report this user for behavior that violates our Community Guidelines.

Details: